Arranque industrial de motores asíncronos: teoría, cálculo y aplicaciones

Saved in:
Bibliografiske detaljer
Hovedforfatter: Merino Azcárraga, José María (autor)
Format: Bog
Sprog:spansk
Udgivet: Madrid McGraw-Hill Interamericana 1995
Udgivelse:1a. ed
Serier:Serie Electrotecnologías, 10
Fag:
Tags: Tilføj Tag
Ingen Tags, Vær først til at tagge denne postø!

MARC

LEADER 00000nam a2200000 a 4500
001 UCL9280
003 CL-VaPUC
008 040730e19950000SP |||||||||||||||||spa|d
020 |a 844811633X 
082 0 4 |a 621.46  |b MER  |2 21 
100 |a Merino Azcárraga, José María  |e autor  |9 487105 
245 1 0 |a Arranque industrial de motores asíncronos: teoría, cálculo y aplicaciones 
250 |a 1a. ed 
300 |a 324 p 
942 |c BK 
945 |d 20040730 00:00:00  |a cmena 
260 |a Madrid  |b McGraw-Hill Interamericana  |c 1995 
650 0 |a Motores eléctricos   |9 260085 
650 0 |a Energía eléctrica  |9 256678 
650 7 |a MOTORES INDUSTRIALES  |2 CL-VaPUC  |9 487106 
650 7 |a MOTORES DE ARRANQUE  |2 CL-VaPUC  |9 487107 
583 |a last modification  |c 20040730 00:00:00  |k Rodrigo Vera 
490 0 |a Serie Electrotecnologías, 10 
999 |c 310142  |d 310140 
952 |0 0  |1 0  |2 ddc  |4 0  |6 621_460000000000000_MER_1995  |7 0  |8 A  |9 378306  |a BIBING  |b BIBING  |c RES  |d 2019-11-21  |i 4044576  |o 621.46 MER 1995  |p 4044576  |r 2025-01-20  |w 2019-11-21  |y BK  |k EIE